| 000 | 00462cam a2200181ua 4500 | ||
|---|---|---|---|
| 020 | _c2.50 | ||
| 041 |
_aeng _h |
||
| 082 |
_a150 _bSAN/AD |
||
| 100 | _aSanford, Fillmore.H . | ||
| 245 | 0 | 0 |
_aAdvancing psychological science, Vol 3 / _cH.Fillmore Sanford. _hTextual Documents |
| 250 |
_a1 / _b. |
||
| 260 |
_a : _bPrentice Hall of India Pvt Ltd. , _c1967. |
||
| 300 | _a190 ; . | ||
| 365 | _a2.50 | ||
| 504 | _a | ||
| 942 | _cBK | ||
| 999 |
_c2072 _d2072 |
||